[Event "BCF-chT4S 2324 (4NCL)"]
[Site "England"]
[Date "2024.02.11"]
[Round "6.103"]
[White "Livesey, R Nigel"]
[Black "Agarwal, Aditi"]
[Result "0-1"]
[WhiteElo "1760"]
[BlackElo "1592"]
[PlyCount "46"]
[EventDate "2024.02.11"]
[EventType "team-swiss"]
[EventRounds "11"]
[EventCountry "ENG"]
[SourceTitle "EXT 2025"]
[Source "ChessBase"]
[SourceDate "2024.10.14"]
[SourceVersion "1"]
[SourceVersionDate "2024.10.14"]
[SourceQuality "1"]
[WhiteTeam "Apprentice Woodpushers"]
[BlackTeam "She Plays To Win Uni"]
[WhiteTeamCountry "ENG"]
[BlackTeamCountry "ENG"]

1. c4 Nf6 2. g3 g6 3. Bg2 Bg7 4. Nc3 d6 5. e4 e5 6. Nge2 Nbd7 7. d3 0-0 8. 0-0 Nc5 9. b4 Ne6 10. Rb1 Bd7 11. h3 c6 12. Be3 Nh5 13. Qd2 Nd4 14. f4 f5 15. Nd1 Nxe2+ 16. Qxe2 Nxg3 17. Qd2 Nxf1 18. Bxf1 exf4 19. Bxf4 Bd4+ 20. Kh1 fxe4 21. dxe4 Be5 22. Bg5 Rxf1+ 23. Kg2 Rxd1 0-1

[Event "BCF-chT3W 2223 (4NCL)"]
[Site "England"]
[Date "2023.02.04"]
[Round "5.64"]
[White "Pettinger, Martin"]
[Black "Livesey, R Nigel"]
[Result "1-0"]
[WhiteElo "1900"]
[BlackElo "1818"]
[PlyCount "57"]
[EventDate "2022.10.22"]
[EventType "team-tourn"]
[EventRounds "11"]
[EventCountry "ENG"]
[SourceTitle "EXT 2024"]
[Source "ChessBase"]
[SourceDate "2023.10.10"]
[SourceVersion "1"]
[SourceVersionDate "2023.10.10"]
[SourceQuality "1"]
[WhiteTeam "Ashfield"]
[BlackTeam "Manchester Manticores"]
[WhiteTeamCountry "ENG"]
[BlackTeamCountry "ENG"]

1. e4 c6 2. d4 d5 3. Nc3 dxe4 4. Nxe4 Nf6 5. Ng3 h5 6. h4 Bg4 7. Qd3 Qc7 8. N1e2 Bxe2 9. Bxe2 e6 10. Bg5 Be7 11. 0-0-0 Nbd7 12. Kb1 g6 13. Qf3 0-0 14. Ne4 Nxe4 15. Bxe7 Rfe8 16. Qxe4 Rxe7 17. g4 Nf6 18. Qg2 Qa5 19. gxh5 Nxh5 20. d5 Nf4 21. Qg5 Nxd5 22. c4 f6 23. Qxg6+ Rg7 24. Qh5 Rh7 25. Rhg1+ Kh8 26. Qg6 Nc3+ 27. bxc3 Qxc3 28. Rd3 Qb4+ 29. Rb3 1-0

[Event "South Normanton 4NCL op-B 23rd"]
[Site "South Normanton"]
[Date "2019.10.06"]
[Round "4"]
[White "Livesey, R Nigel"]
[Black "Kaper, Andreas"]
[Result "1-0"]
[WhiteElo "1740"]
[BlackElo "1502"]
[PlyCount "41"]
[EventDate "2019.10.04"]
[EventType "swiss"]
[EventRounds "5"]
[EventCountry "ENG"]
[SourceTitle "CBM 193 Extra"]
[Source "ChessBase"]
[SourceDate "2020.01.31"]
[SourceVersion "1"]
[SourceVersionDate "2020.01.31"]
[SourceQuality "1"]

1. c4 Nf6 2. g3 g6 3. Nc3 Bg7 4. Bg2 d6 5. e4 0-0 6. Nge2 Be6 7. d3 c6 8. 0-0 Qd7 9. Nf4 c5 10. Nxe6 Qxe6 11. e5 dxe5 12. Bxb7 Nc6 13. Bxa8 Rxa8 14. Be3 Nd7 15. Ne4 Nd4 16. Bxd4 cxd4 17. Qf3 Rf8 18. Nd2 Bh6 19. Nb3 Rb8 20. Rfe1 Nf6 21. Nxd4 1-0

[Event "Telford 4NCL Major op 22nd"]
[Site "Telford"]
[Date "2019.07.20"]
[Round "3"]
[White "Livesey, R Nigel"]
[Black "Kumar, Sanjit S"]
[Result "1-0"]
[WhiteElo "1739"]
[BlackElo "1362"]
[PlyCount "57"]
[EventDate "2019.07.19"]
[EventType "swiss"]
[EventRounds "5"]
[EventCountry "ENG"]
[SourceTitle "EXT 2025"]
[Source "ChessBase"]
[SourceDate "2024.10.14"]
[SourceVersion "1"]
[SourceVersionDate "2024.10.14"]
[SourceQuality "1"]

1. c4 e5 2. g3 Nf6 3. Bg2 Nc6 4. Nc3 Bc5 5. a3 a6 6. e3 d6 7. Nge2 0-0 8. 0-0 Ba7 9. b4 Be6 10. Nd5 Bxd5 11. cxd5 Ne7 12. Nc3 Re8 13. Bb2 Ng6 14. Rc1 Qd7 15. Qe2 e4 16. f3 exf3 17. Rxf3 Ne5 18. Rf4 Re7 19. Rcf1 Rae8 20. Rxf6 gxf6 21. Ne4 Ng4 22. Qxg4+ Qxg4 23. Nxf6+ Kg7 24. Nxg4+ Kg6 25. Nf6 Rd8 26. Be4+ Kh6 27. Rf5 Kg7 28. Rg5+ Kf8 29. Rg8# 1-0

[Event "Harrogate 4NCL op-B 21st"]
[Site "Harrogate"]
[Date "2019.01.20"]
[Round "5"]
[White "Livesey, R Nigel"]
[Black "Cast, Julian"]
[Result "0-1"]
[WhiteElo "1797"]
[BlackElo "1982"]
[PlyCount "68"]
[EventDate "2019.01.18"]
[EventType "swiss"]
[EventRounds "5"]
[EventCountry "ENG"]
[SourceTitle "CBM 188 Extra"]
[Source "ChessBase"]
[SourceDate "2019.02.28"]
[SourceVersion "1"]
[SourceVersionDate "2019.02.28"]
[SourceQuality "1"]

1. c4 e5 2. g3 Nc6 3. Bg2 Bc5 4. Nc3 d6 5. a3 a5 6. e3 Be6 7. b3 Nf6 8. Nd5 Bxd5 9. cxd5 Ne7 10. e4 c6 11. dxc6 Nxc6 12. Bb2 Qb6 13. Nh3 0-0 14. 0-0 h6 15. Kh1 Bd4 16. Bxd4 Qxd4 17. d3 Nd7 18. Qc2 Nc5 19. Rfd1 Rfc8 20. Ng1 Ne6 21. Nf3 Qb6 22. Rdc1 Rc7 23. Qb2 Rac8 24. Bh3 Ncd4 25. Nxd4 Qxd4 26. Qd2 Rxc1+ 27. Rxc1 Rxc1+ 28. Qxc1 Nc5 29. Bc8 b6 30. Ba6 Qxf2 31. b4 axb4 32. h4 b3 33. Bc4 b2 34. Qb1 Qd2 0-1

[Event "Nottingham 4NCL Major op"]
[Site "Nottingham"]
[Date "2018.09.30"]
[Round "5"]
[White "Livesey, R Nigel"]
[Black "Lohia, Sohum"]
[Result "1-0"]
[WhiteElo "1758"]
[BlackElo "1316"]
[PlyCount "93"]
[EventDate "2018.09.28"]
[EventType "swiss"]
[EventRounds "5"]
[EventCountry "ENG"]
[SourceTitle "CBM 187 Extra"]
[Source "ChessBase"]
[SourceDate "2018.11.04"]
[SourceVersion "1"]
[SourceVersionDate "2018.11.04"]
[SourceQuality "1"]

1. c4 Nf6 2. g3 e6 3. Nf3 d5 4. d4 c5 5. cxd5 exd5 6. Bg2 Nc6 7. 0-0 Be7 8. b3 0-0 9. Bb2 b6 10. Nbd2 Bb7 11. Rc1 Rc8 12. Re1 Re8 13. Nf1 Bf8 14. Ne3 Ne7 15. dxc5 bxc5 16. Bxf6 gxf6 17. Nh4 Bh6 18. f4 Qd7 19. Qd3 d4 20. Bxb7 Qxb7 21. Nef5 Bf8 22. Nd6 Qd7 23. Nxe8 Qxe8 24. e4 Qd7 25. e5 f5 26. Re2 Qe6 27. Rec2 Nd5 28. Qxf5 Ne3 29. Qxe6 fxe6 30. Rd2 Rd8 31. Nf3 Be7 32. Ne1 c4 33. bxc4 Bb4 34. Rd3 Bxe1 35. Rxe1 Nxc4 36. Red1 Nb2 37. Rxd4 Rxd4 38. Rxd4 a5 39. a4 Kf7 40. Kf1 h5 41. Ke2 Kg6 42. Kd2 h4 43. Kc2 Nxa4 44. Rxa4 hxg3 45. hxg3 Kf5 46. Kd3 Kg4 47. Ke4 1-0

[Event "Nottingham 4NCL Major op"]
[Site "Nottingham"]
[Date "2018.09.28"]
[Round "1"]
[White "Livesey, R Nigel"]
[Black "Ireland, David J"]
[Result "0-1"]
[WhiteElo "1758"]
[BlackElo "1892"]
[PlyCount "80"]
[EventDate "2018.09.28"]
[EventType "swiss"]
[EventRounds "5"]
[EventCountry "ENG"]
[SourceTitle "CBM 187 Extra"]
[Source "ChessBase"]
[SourceDate "2018.11.04"]
[SourceVersion "1"]
[SourceVersionDate "2018.11.04"]
[SourceQuality "1"]

1. c4 Nf6 2. g3 g6 3. Bg2 Bg7 4. Nc3 d6 5. d3 c5 6. e4 Nc6 7. Nge2 0-0 8. 0-0 e5 9. Nd5 Nxd5 10. exd5 Nd4 11. Nxd4 cxd4 12. b4 f5 13. f4 Re8 14. Re1 Qc7 15. Bd2 e4 16. Qc2 Bd7 17. Bf1 Rac8 18. a4 e3 19. Bc1 a6 20. a5 h6 21. Bb2 g5 22. Qg2 Kh7 23. Kh1 Rg8 24. Be2 Bf6 25. Qh3 Rcf8 26. Bh5 Rg7 27. Re2 Qc8 28. Ba3 Qd8 29. Rc1 Rfg8 30. Bb2 Qe7 31. Rf1 gxf4 32. gxf4 Rg4 33. Bxg4 fxg4 34. Qg2 Bf5 35. Rd1 Qg7 36. c5 Qg6 37. c6 Bxd3 38. Rxd3 Qxd3 39. Qf1 g3 40. Qf3 g2+ 0-1

[Event "BCF-chT3N 1718 (4NCL)"]
[Site "England"]
[Date "2018.05.06"]
[Round "10.64"]
[White "Hilton, Tim"]
[Black "Livesey, R Nigel"]
[Result "1/2-1/2"]
[WhiteElo "1845"]
[BlackElo "1764"]
[PlyCount "100"]
[EventDate "2017.11.11"]
[EventType "team-swiss"]
[EventRounds "11"]
[EventCountry "ENG"]
[SourceTitle "EXT 2020"]
[Source "ChessBase"]
[SourceDate "2019.10.17"]
[SourceVersion "1"]
[SourceVersionDate "2019.10.17"]
[SourceQuality "1"]
[WhiteTeam "Manchester Manticores II"]
[BlackTeam "Manchester Manticores III"]
[WhiteTeamCountry "ENG"]
[BlackTeamCountry "ENG"]

1. c4 e6 2. g3 d5 3. Bg2 Nf6 4. Nf3 Be7 5. 0-0 0-0 6. b3 Nbd7 7. Bb2 b6 8. d3 Bb7 9. Nbd2 c5 10. cxd5 Bxd5 11. Re1 Rc8 12. Nf1 Bb7 13. e4 Qc7 14. e5 Nd5 15. a3 Qb8 16. h4 Rfd8 17. N1h2 b5 18. Rc1 N7b6 19. Ng5 Bxg5 20. hxg5 c4 21. Ng4 cxd3 22. Qd2 Ne7 23. Nf6+ Kf8 24. Nxh7+ Ke8 25. Rxc8 Qxc8 26. Rc1 Qa8 27. Bh3 Qb8 28. Qb4 a6 29. f4 Nbd5 30. Qc5 Rc8 31. Qf2 Rxc1+ 32. Bxc1 Qc7 33. Bd2 Qc2 34. g4 Nc3 35. Bg2 Ne4 36. Qa7 Qc5+ 37. Qxc5 Nxc5 38. Bxb7 Nxb7 39. Kf2 Nc5 40. b4 Ne4+ 41. Ke3 Nxd2 42. Kxd2 Ng6 43. Kxd3 Nxf4+ 44. Kd4 Ng6 45. Ke4 Kd7 46. Kd4 Kc6 47. Ke4 Kb6 48. Kd4 a5 49. Ke4 axb4 50. axb4 Kc6 1/2-1/2

[Event "Doncaster 4NCL op-B 18th"]
[Site "Doncaster"]
[Date "2018.04.15"]
[Round "5.12"]
[White "Cohen, Gerald M"]
[Black "Livesey, R Nigel"]
[Result "1-0"]
[WhiteElo "1941"]
[BlackElo "1748"]
[PlyCount "97"]
[EventDate "2018.04.13"]
[EventType "swiss"]
[EventRounds "5"]
[EventCountry "ENG"]
[SourceTitle "EXT 2023"]
[Source "ChessBase"]
[SourceDate "2022.10.05"]
[SourceVersion "1"]
[SourceVersionDate "2022.10.05"]
[SourceQuality "1"]

1. d4 e6 2. Bf4 f5 3. e3 Nf6 4. Bc4 d5 5. Bb3 c6 6. c4 Be7 7. Nc3 0-0 8. h3 Bd7 9. Nf3 Be8 10. Ne5 Nbd7 11. 0-0 Nxe5 12. Bxe5 Bh5 13. Qc2 Bg6 14. Qe2 Bh5 15. Qe1 Ne4 16. Rc1 Bh4 17. cxd5 exd5 18. Bd1 Qe8 19. g3 Bf6 20. Bxf6 Rxf6 21. Kg2 Bxd1 22. Qxd1 Re6 23. h4 Nf6 24. Qf3 Qg6 25. Ne2 Qg4 26. Nf4 Re7 27. b4 Qxf3+ 28. Kxf3 Ng4 29. Ke2 Rae8 30. Rc3 Kf7 31. Rfc1 g6 32. b5 Rb8 33. bxc6 bxc6 34. Rxc6 Rb2+ 35. R1c2 Rxc2+ 36. Rxc2 Nf6 37. f3 Rb7 38. Kd3 Ke7 39. Rc3 Kd6 40. Kc2 Nd7 41. Nd3 Rb5 42. Rb3 Ra5 43. Kb2 Nb6 44. Ne5 Na4+ 45. Ka1 Nb6 46. Rc3 Nc4 47. Rxc4 Rxa2+ 48. Kxa2 dxc4 49. Nxc4+ 1-0

[Event "Jersey op"]
[Site "St Clement Bay"]
[Date "2018.04.05"]
[Round "7.20"]
[White "Spanton, Timothy"]
[Black "Livesey, R Nigel"]
[Result "1-0"]
[WhiteElo "1851"]
[BlackElo "1753"]
[PlyCount "59"]
[EventDate "2018.03.31"]
[EventType "swiss"]
[EventRounds "9"]
[EventCountry "GCI"]
[SourceTitle "CBM 183 Extra"]
[Source "ChessBase"]
[SourceDate "2018.04.19"]
[SourceVersion "1"]
[SourceVersionDate "2018.04.19"]
[SourceQuality "1"]

1. c4 e6 2. Nc3 Nf6 3. d4 d5 4. cxd5 exd5 5. Bg5 Be7 6. e3 c6 7. Bd3 Nbd7 8. Qc2 Nf8 9. Nf3 g6 10. 0-0 Ne6 11. Bh4 0-0 12. Ne5 Ng7 13. Rad1 Bf5 14. f3 Bxd3 15. Qxd3 Nf5 16. Bf2 Bd6 17. e4 Ne7 18. Ng4 Nxg4 19. fxg4 Bf4 20. Bh4 Bh6 21. Bxe7 Qxe7 22. exd5 Rad8 23. Ne4 cxd5 24. Nf6+ Kh8 25. Rde1 Qb4 26. Re5 Qxb2 27. Rh5 Kg7 28. Rxh6 Kxh6 29. Qh3+ Kg5 30. Nxh7# 1-0

[Event "Jersey op"]
[Site "St Clement Bay"]
[Date "2018.04.04"]
[Round "6.19"]
[White "Livesey, R Nigel"]
[Black "Van Leusden, Dennis"]
[Result "0-1"]
[WhiteElo "1753"]
[BlackElo "2035"]
[PlyCount "110"]
[EventDate "2018.03.31"]
[EventType "swiss"]
[EventRounds "9"]
[EventCountry "GCI"]
[SourceTitle "CBM 183 Extra"]
[Source "ChessBase"]
[SourceDate "2018.04.19"]
[SourceVersion "1"]
[SourceVersionDate "2018.04.19"]
[SourceQuality "1"]

1. c4 c5 2. g3 Nf6 3. Bg2 d5 4. cxd5 Nxd5 5. Nc3 Nc7 6. Nf3 Nc6 7. 0-0 e5 8. b3 Be7 9. Bb2 0-0 10. Ne1 f6 11. Nd3 Qd7 12. f4 exf4 13. Nxf4 b6 14. e3 Ba6 15. Re1 Rad8 16. Ncd5 Bc8 17. Qh5 Bd6 18. Nxc7 Bxf4 19. Qd5+ Qf7 20. Qxf7+ Rxf7 21. Nb5 Be5 22. d4 cxd4 23. Bxc6 d3 24. Nd4 Bg4 25. Red1 Bxd1 26. Rxd1 Bxd4 27. exd4 Re7 28. Rd2 Rd6 29. Ba3 Re2 30. Bxd6 Rxd2 31. Bd5+ Kh8 32. Bc4 Rxa2 33. Bxd3 Rd2 34. Bc4 Rxd4 35. Bb8 b5 36. Be6 a5 37. h4 a4 38. bxa4 bxa4 39. Ba7 Rd6 40. Bc4 a3 41. Be3 Rc6 42. Bd5 Rc2 43. Bf7 a2 44. Bxa2 Rxa2 45. Bf2 Kg8 46. Kg2 Kf7 47. Kf3 Rxf2+ 48. Kxf2 Ke6 49. g4 f5 50. gxf5+ Kxf5 51. Kf3 h5 52. Kg3 Ke4 53. Kg2 Kf4 54. Kh3 Kf3 55. Kh2 Kg4 0-1